=LDR 00000nam 2200000 4500 =001 INLIS000000000002024 =005 20130612090408 =008 ***********************************Ind** =035 ##$$0010-061300000002024 =041 ##$$a Ind =082 ##$$a 613.943 =090 ##$$a 613.943, Yua n =100 ##$$a Yuarsi,Susi Eja =245 ##$$a Norplant, penerimaan program dan layanan lanjutan, Susu Eja Yuarsi =260 ##$$a 1997 $b Yogyakarta =300 ##$$a xii,69 hlm, 25 cm =650 ##$$a Norplant =850 ##$$a NBPNMAT